Advances in multi-photon processes and spectroscopy. (Record no. 238038)
[ view plain ]
| 000 -LEADER | |
|---|---|
| fixed length control field | 01411nam a2200361 a 4500 |
| 245 00 - TITLE STATEMENT | |
| Title | Advances in multi-photon processes and spectroscopy. |
| 260 ## - PUBLICATION, DISTRIBUTION, ETC. (IMPRINT) | |
| Place of publication | Hackensack, N.J. : |
| Name of publisher | World Scientific, |
| Year of publication | 2010. |
| 300 ## - PHYSICAL DESCRIPTION | |
| Number of Pages | xiii, 267 p. : |
| Other physical details | ill. (some col.). |
| 490 0# - SERIES STATEMENT | |
| Series statement | Advances in multi-photon processes and spectroscopy ; |
| 650 #0 - SUBJECT ADDED ENTRY--TOPICAL TERM | |
| Topical Term | Molecular spectra. |
| Topical Term | Multiphoton processes. |
| Topical Term | Spectrum analysis. |
| Topical Term | Laser spectroscopy. |
| 700 1# - ADDED ENTRY--PERSONAL NAME | |
| Personal name | Lin, S. H. |
| Personal name | Villaeys, A. A. |
| Personal name | Fujimura, Y. |
| 856 40 - ELECTRONIC LOCATION AND ACCESS | |
| Uniform Resource Identifier | http://site.ebrary.com/lib/rucke/Doc?id=10422383 |
No items available.
